ভারতীয় নওমসলিমদের ঈমানদীপ্ত সাক্ষাৎকার / (Record no. 12877)
[ view plain ]
| 000 -LEADER | |
|---|---|
| fixed length control field | 00962nam a2200229 a 4500 |
| 001 - CONTROL NUMBER | |
| JCCL Control Number | 12877 |
| 003 - CONTROL NUMBER IDENTIFIER | |
| JCCL marc code | BD-JhCC |
| 005 - DATE AND TIME OF LATEST TRANSACTION | |
| control field | 20230530194810.0 |
| 008 - FIXED-LENGTH DATA ELEMENTS--GENERAL INFORMATION | |
| fixed length control field | 230530s20212016b |||| |||| 000 0 be d |
| 035 ## - SYSTEM CONTROL NUMBER | |
| system control number | (BD-JhCC)12877 |
| 040 ## - CATALOGING SOURCE | |
| Original cataloging agency | BD-JhCC |
| Modifying agency | BD-JhCC |
| 041 ## - LANGUAGE CODE | |
| Language code of Book | ben |
| 082 ## - DEWEY DECIMAL CLASSIFICATION NUMBER | |
| Classification number | 297.74 |
| Author mark and Year | KAS 2021 |
| 100 ## - MAIN ENTRY--PERSONAL NAME | |
| Personal name | কাসেমি, মুফতি রওশন শাহ |
| 245 ## - TITLE STATEMENT | |
| Title | ভারতীয় নওমসলিমদের ঈমানদীপ্ত সাক্ষাৎকার / |
| Statement of responsibility, etc | মুফতি রওশন শাহ কাসেমি, (অনু.) মাওলানা শামসুদ্দীন সাদী |
| 260 ## - PUBLICATION, DISTRIBUTION, ETC. (IMPRINT) | |
| Place of publication, distribution, etc | ঢাকা : |
| Name of publisher, distributor, etc | আনোয়ার লাইব্রেরি, |
| Date of publication, distribution, etc | ২০২১ |
| 300 ## - PHYSICAL DESCRIPTION | |
| Pagination | ৩৮৪ পৃ. : |
| Dimensions | ২১ সেমি. |
| 650 ## - SUBJECT ADDED ENTRY--TOPICAL TERM | |
| Topical term or geographic name as entry element | Dawah |
| 650 ## - SUBJECT ADDED ENTRY--TOPICAL TERM | |
| Topical term or geographic name as entry element | Religious Life--- Islam |
| 700 ## - ADDED ENTRY--PERSONAL NAME | |
| Personal name | সাদী, মাওলানা শামসুদ্দীন |
| 942 ## - ADDED ENTRY ELEMENTS (KOHA) | |
| Source of classification or shelving scheme | Dewey Decimal Classification |
| Koha item type | Books |
| Source of classification or shelving scheme | volume number | Damaged status | Not for loan | Home library | Current library | Shelving location | Date of accession | Cost, normal purchase price | Total Checkouts | Full call number | Barcode | Date last seen | Date checked out | Copy number | Method of acquisition | Koha item type | Currency |
|---|---|---|---|---|---|---|---|---|---|---|---|---|---|---|---|---|---|
| Dewey Decimal Classification | V-1,2 | JCC Rouf Library | JCC Rouf Library | General Stacks | 05/30/2023 | 360.00 | 2 | 297.74 KAS 2021 | 17665 | 07/20/2023 | 07/15/2023 | C-1 | Purchase | Books | BDT | ||
| Dewey Decimal Classification | V-3,4 | JCC Rouf Library | JCC Rouf Library | General Stacks | 05/30/2023 | 360.00 | 1 | 297.74 KAS 2021 | 17666 | 08/09/2023 | 07/19/2023 | C-1 | Purchase | Books | BDT | ||
| Dewey Decimal Classification | V-5,6 | JCC Rouf Library | JCC Rouf Library | General Stacks | 05/30/2023 | 360.00 | 297.74 KAS 2021 | 17664 | 05/30/2023 | C-1 | Purchase | Books | BDT |